La arquitectura de nuestro tiempo: una guía para los jóvenes arquitectos
שמור ב:
| מחבר ראשי: | |
|---|---|
| פורמט: | ספר |
| שפה: | ספרדית |
| יצא לאור: |
Madrid
El Croquis
1993
|
| מהדורה: | 1a. ed |
| סדרה: | Biblioteca de Arquitectura, 3
|
| נושאים: | |
| תגים: |
הוספת תג
אין תגיות, היה/י הראשונ/ה לתייג את הרשומה!
|
MARC
| LEADER | 00000cam a2200000 a 4500 | ||
|---|---|---|---|
| 001 | UCD8828 | ||
| 003 | CL-VaPUC | ||
| 008 | 170527e19930000sp |||||||||||||||||spa|d | ||
| 020 | |a 8488386028 | ||
| 082 | 0 | 4 | |a 720.1 |b WAG |2 21 |
| 100 | 0 | |a Wagner, Otto |e author |9 266849 | |
| 245 | 1 | 3 | |a La arquitectura de nuestro tiempo: una guía para los jóvenes arquitectos |
| 250 | |a 1a. ed | ||
| 300 | |a 156 p | ||
| 942 | |c BK | ||
| 945 | |d 20170527 00:32:00 |a dcastane | ||
| 260 | |a Madrid |b El Croquis |c 1993 | ||
| 650 | 0 | |a Filosofía de la arquitectura |9 267382 | |
| 650 | 7 | |a ESTILOS ARQUITECTONICOS |2 CL-VaPUC |9 372532 | |
| 650 | 0 | |a Composición artística |9 553777 | |
| 650 | 0 | |a Construcción |9 260195 | |
| 583 | |a last modification |c 20170527 00:32:00 |k Rodrigo Vera | ||
| 490 | 0 | |a Biblioteca de Arquitectura, 3 | |
| 999 | |c 368136 |d 368134 | ||
| 952 | |0 0 |1 0 |3 erb |4 0 |6 720_100000000000000_WAG_1993 |7 0 |8 A |9 483406 |a BIBARQ |b BIBARQ |i 5378729 |o 720.1 WAG 1993 |p 5378729 |r 2025-01-20 |w 2019-11-24 |y BK |z Catalogado en:20170527 |k ARQ | ||